[Event "Lamia-ch 1213"]
[Site "Lamia"]
[Date "2013.01.27"]
[Round "11"]
[White "Tsitsaras, Georgios"]
[Black "Stasinos, Stamatis"]
[Result "1/2-1/2"]
[WhiteElo "1761"]
[BlackElo "1176"]
[PlyCount "62"]
[EventDate "2012.12.02"]
[EventType "tourn"]
[EventRounds "15"]
[EventCountry "GRE"]
[SourceTitle "EXT 2024"]
[Source "ChessBase"]
[SourceDate "2023.10.10"]
[SourceVersion "1"]
[SourceVersionDate "2023.10.10"]
[SourceQuality "1"]

1. e4 c6 2. Nf3 d5 3. Nc3 Bg4 4. h3 Bxf3 5. Qxf3 e6 6. d4 Bb4 7. e5 Ne7 8. Bd3 Ng6 9. a3 Bxc3+ 10. bxc3 0-0 11. a4 Nd7 12. Ba3 Re8 13. h4 Nxh4 14. Bxh7+ Kxh7 15. Qh5+ Kg8 16. 0-0 Ng6 17. g3 Qc7 18. Kg2 c5 19. Rh1 Kf8 20. f4 Ke7 21. Qh7 Rh8 22. Qxg7 Rxh1 23. Rxh1 Rc8 24. Rh7 Rf8 25. Qxg6 Ke8 26. Qh6 Qa5 27. Bxc5 Nxc5 28. dxc5 Qxc5 29. Rh8 Rxh8 30. Qxh8+ Ke7 31. Qf6+ Ke8 1/2-1/2